Statistics for Hamilton Songs By First Line

Click here to take the quiz!

General Stats

  • This quiz has been taken 2,386 times
  • The average score is 13 of 15

Answer Stats

First LyricSong Title% Correct
"How does a bastard, orphan, son of a whore"Alexander Hamilton
99%
"There's nothing rich folks love more"The Schuyler Sisters
94%
"Now everyone give it up for the maid of honor, Angelica Schuyler!"Satisfied
92%
"I saved every letter you sent me from the moment I met you."Burn
90%
"You say, the price of my love's not a price that you're willing to pay."You'll Be Back
90%
"Theodosia writes me a letter every day."Wait For It
87%
"I may not live to see our glory, but I will gladly join the fight."The Story of Tonight
86%
'"How does a ragtag volunteer army in need of a shower"Guns and Ships
85%
"Look into your eyes and the sky's the limit"Helpless
85%
"Im'a get a scholarship to King's College."My Shot
84%
"Monsieur Hamilton." "Monsieur Lafayette."Yorktown (The World Turned Upside Down)
84%
"Hear ye, hear ye! My name is Samuel Seabury."Farmer Refuted
80%
"There are moments that the words don't reach"It's Quiet Uptown
79%
"I was younger than you are now"History Has its Eyes on You
74%
"British Admiral Howe's got troops on the water"Right Hand Man
70%

Score Distribution

Percentile by Number Answered

Percent of People with Each Score

Your Score History

You have not taken this quiz